| 000 | 00376nam a22001577a 4500 | ||
|---|---|---|---|
| 003 | CEME | ||
| 005 | 20210628203142.0 | ||
| 008 | 210122b xxu||||| |||| 00| 0 eng d | ||
| 040 | _c. | ||
| 082 | _a604.243 BOD | ||
| 100 |
_aBodelind, Bertil _963650 |
||
| 245 | _aProblems in dimensioning | ||
| 260 |
_aSWEDIN _bLUND JOHANSEN _c1996 |
||
| 300 | _aIV,202 P | ||
| 942 |
_cBK _2ddc |
||
| 999 |
_c572401 _d572401 |
||